|
|
|
|
| LEADER |
00701nab a2200181 i 4500 |
| 001 |
misc7208 |
| 005 |
20191106144247.0 |
| 008 |
170607s1896 hu o 0|| hun d |
| 022 |
|
|
|a 0025-0260
|
| 040 |
|
|
|a SZTE Miscellanea Repozitórium
|b hun
|
| 041 |
|
|
|a hun
|
| 100 |
1 |
|
|a Balogh Péter
|
| 245 |
1 |
3 |
|a Az osztrák tanárok fizetése
|h [elektronikus dokumentum] /
|c Balogh Péter
|
| 260 |
|
|
|c 1896
|
| 300 |
|
|
|a 377-387
|
| 490 |
0 |
|
|a Magyar pedagógia : a Magyar Tudományos Akadémia Pedagógiai Bizottságának folyóirata
|v 5
|
| 695 |
|
|
|a Munkabér pedagógusoké 1896, Oktatásügy Ausztria 1896, Ausztria oktatásügye
|
| 856 |
4 |
0 |
|u http://misc.bibl.u-szeged.hu/7208/1/mp_1896_0383_377-387.pdf
|z Dokumentum-elérés
|